ARRUPE JESUIT UNIVERSITY

CORONAVIRUS -STOP THE SPREAD - CLEAN,DISINFECT,COVER

Draw me into your friendship : (Record no. 128995)

MARC details
000 -LEADER
fixed length control field 01521cam a2200361 a 4500
001 - CONTROL NUMBER
control field 3037077
003 - CONTROL NUMBER IDENTIFIER
control field ARRUPE
005 - DATE AND TIME OF LATEST TRANSACTION
control field 20190214091208.0
008 - FIXED-LENGTH DATA ELEMENTS--GENERAL INFORMATION
fixed length control field 960201s1996 mou 001 0 eng
010 ## - LIBRARY OF CONGRESS CONTROL NUMBER
LC control number 95081837
020 ## - INTERNATIONAL STANDARD BOOK NUMBER
International Standard Book Number 1880810204 (pbk.)
040 ## - CATALOGING SOURCE
Original cataloging agency DLC
Transcribing agency DLC
Modifying agency DLC
041 1# - LANGUAGE CODE
Language code of text/sound track or separate title eng
Language code of original and/or intermediate translations of text lat
050 00 - LIBRARY OF CONGRESS CALL NUMBER
Classification number BX2179.L9
Item number F57 1996
082 00 - DEWEY DECIMAL CLASSIFICATION NUMBER
Classification number 248.3
Edition number 20
300 ## - PHYSICAL DESCRIPTION
Dimensions 21 cm.
100 1# - MAIN ENTRY--PERSONAL NAME
Personal name Fleming, David L.,
Dates associated with a name 1934-2011.
9 (RLIN) 28516
245 10 - TITLE STATEMENT
Title Draw me into your friendship :
Remainder of title a literal translation and a contemporary reading of The spiritual exercises /
Statement of responsibility, etc David L. Fleming.
246 30 - VARYING FORM OF TITLE
Title proper/short title Literal translation and a contemporary reading of The spiritual exercises
246 1# - VARYING FORM OF TITLE
Display text Other title info. from spine:
Title proper/short title The spiritual exercises
260 ## - PUBLICATION, DISTRIBUTION, ETC. (IMPRINT)
Place of publication, distribution, etc St. Louis, Mo. :
Name of publisher, distributor, etc Institute of Jesuit Sources,
Date of publication, distribution, etc 1996.
300 ## - PHYSICAL DESCRIPTION
Extent vi, 302 p. ;
490 1# - SERIES STATEMENT
Series statement Series IV--Studies on Jesuit topics ;
Volume number/sequential designation no. 17
500 ## - GENERAL NOTE
General note "Newly revised version"--P. 4 of cover.
500 ## - GENERAL NOTE
General note Includes index.
600 00 - SUBJECT ADDED ENTRY--PERSONAL NAME
Personal name Ignatius,
Titles and other words associated with a name of Loyola, Saint,
Dates associated with a name 1491-1556.
Title of a work Exercitia spiritualia.
9 (RLIN) 44628
650 ## - SUBJECT ADDED ENTRY--TOPICAL TERM
Topical term or geographic name as entry element Spiritual Exercises
General subdivision Commentaries
9 (RLIN) 22868
700 02 - ADDED ENTRY--PERSONAL NAME
Personal name Ignatius,
Titles and other words associated with a name of Loyola, Saint,
Dates associated with a name 1491-1556.
Title of a work Exercitia spiritualia.
Language of a work English.
9 (RLIN) 44629
710 2# - ADDED ENTRY--CORPORATE NAME
Corporate name or jurisdiction name as entry element Institute of Jesuit Sources.
9 (RLIN) 44630
830 #0 - SERIES ADDED ENTRY--UNIFORM TITLE
Uniform title Series IV--Study aids on Jesuit topics ;
Volume number/sequential designation no. 17.
9 (RLIN) 44631
906 ## - LOCAL DATA ELEMENT F, LDF (RLIN)
a 7
b cbc
c orignew
d 2
e opcn
f 19
g y-gencatlg
942 ## - ADDED ENTRY ELEMENTS (KOHA)
Source of classification or shelving scheme Library of Congress Classification
Koha item type Monograph ( Printed materials)
Holdings
Withdrawn status Lost status Source of classification or shelving scheme Damaged status Not for loan Collection code Home library Current library Shelving location Date acquired Total Checkouts Full call number Barcode Date last seen Date checked out Price effective from Koha item type
    Library of Congress Classification     Main Collection ARRUPE LIBRARY ARRUPE LIBRARY Main Collection 14/02/2019 1 BX2179.L9 F57 1996 46600003762 07/05/2025 27/04/2023 14/02/2019 Monograph ( Printed materials)

 

Arrupe Library. PO Box MP320 Mt Pleasant, Harare, Zimbabwe
263 242 745411|librarian@aju.ac.zw